Normal view MARC view

Entry Personal Name

Number of records used in: 1

001 - CONTROL NUMBER

  • control field: 1071

003 - CONTROL NUMBER IDENTIFIER

  • control field: DLC

005 - DATE AND TIME OF LATEST TRANSACTION

  • control field: 20200104112201.0

008 - FIXED-LENGTH DATA ELEMENTS

  • fixed length control field: 840725n| acannaab| |n aaa |||

010 ## - LIBRARY OF CONGRESS CONTROL NUMBER

  • LC control number: n 84052469

040 ## - CATALOGING SOURCE

  • Original cataloging agency: InU
  • Transcribing agency: DLC
  • Modifying agency: DLC

100 10 - HEADING--PERSONAL NAME

  • Personal name: Merton, Robert C.

670 ## - SOURCE DATA FOUND

  • Source citation: His On the role of social security as a means for efficient risk-bearing in an economy where human capital is not tradeable, 1981:
  • Information found: t.p. (Robert C. Merton)

670 ## - SOURCE DATA FOUND

  • Source citation: His Continuous-time finance, 1990:
  • Information found: CIP t.p. (Robert C. Merton) data sheet (b. 7-31-44)

Powered by Koha